000 00829nam0a2200277 4500
001 RU\NLR\bibl\923592
005 20250614190829.0
010 _a5-699-13947-8
_96000
021 _aRU
_b2006-7631
_9365
035 _a(NLR Aleph) 000911861
090 _a44730
_c44730
100 _a20060330d2005 |||y0rusy50 ca
101 1 _arus
_ceng
102 _aRU
105 _aa |||||||||
200 1 _aПульт мертвеца
_eроман
_fТимоти Зан
_g[пер. с англ. А. Уткина]
210 _aМосква
_cЭксмо
_d2005
215 _a411,[1] с.
_d17
225 1 _aСтальная Крыса
686 _aШ6(7США)67-445{Лх1979-62}
700 1 _aЗан
_bТ.
_gТимоти
_4070
801 0 _aRU
_bNLR
_c20060330
_grcr
801 1 _aRU
_bNLR
_c20060330
942 _cBOOK
980 _aNB